Подробности
| 000 -МАРКЕР |
| контрольное поле |
01912nam0a2200373 4500 |
| 001 - ИДЕНТИФИКАТОР ЗАПИСИ |
| контрольное поле |
RU\NLR\bibl\36147 |
| 005 - ИДЕНТИФИКАТОР ВЕРСИИ |
| контрольное поле |
20250615024244.0 |
| 010 ## - МЕЖДУНАРОДНЫЙ СТАНДАРТНЫЙ НОМЕР КНИГИ (ISBN) |
| Номер (ISBN) |
5-7567-0231-8 |
| Тираж |
5000 |
| 021 ## - НОМЕР ГОСУДАРСТВЕННОЙ РЕГИСТРАЦИИ |
| Код страны |
Российская Федерация |
| Номер |
99-17710 |
| Номер Листа государственной регистраци |
859 |
| 035 ## - ДРУГИЕ СИСТЕМНЫЕ НОМЕРА |
| Идентификатор записи |
(NLR Aleph) 000035240 |
| 100 ## - ДАННЫЕ ОБЩЕЙ ОБРАБОТКИ |
| Данные общей обработки |
19990701d1999 |||y0rusy50 ca |
| 101 1# - ЯЗЫК РЕСУРСА |
| Язык текста, звукозаписи и т.д. |
русский |
| Язык оригинала |
английский |
| 102 ## - СТРАНА ПУБЛИКАЦИИ ИЛИ ПРОИЗВОДСТВА |
| Страна публикации |
Российская Федерация |
| 105 ## - ПОЛЕ КОДИРОВАННЫХ ДАННЫХ: ТЕКСТОВЫЕ МАТЕРИАЛЫ, МОНОГРАФИЧЕСКИЕ |
| Кодированные данные о монографическом текстовом документе |
y ||||||||| |
| 200 1# - ЗАГЛАВИЕ И СВЕДЕНИЯ ОБ ОТВЕТСТВЕННОСТИ |
| Основное заглавие |
Революция и преобразование обществ |
| Сведения, относящиеся к заглавию |
Сравнит. изучение цивилизаций |
| Первые сведения об ответственности |
Ш. Эйзенштадт |
| Последующие сведения об ответственности |
Пер. с англ. д. ист. н. А.В. Гордона |
| -- |
Науч. ред. пер. д. филос. н., проф. Б.С. Ерасов |
| -- |
[Ин-т "Открытое о-во"] |
| 210 ## - ПУБЛИКАЦИЯ, РАСПРОСТРАНЕНИЕ И ДР. |
| Место издания, распространения и т.д. |
М. |
| Имя издателя, распространителя и т. д. |
Аспект Пресс |
| Дата издания, распространения и т.д. |
1999 |
| 215 ## - ФИЗИЧЕСКАЯ ХАРАКТЕРИСТИКА |
| Специфическое обозначение материала и объем |
416 с. |
| Размеры |
21 |
| 300 ## - ОБЩИЕ ПРИМЕЧАНИЯ |
| Текст примечания |
Загл. и авт. ориг.: Revolution and transformation of societies: A comparative study of civilizations / S.N. Eisenstadt |
| 320 ## - ПРИМЕЧАНИЯ О НАЛИЧИИ В ДОКУМЕНТЕ БИБЛИОГРАФИИ / УКАЗАТЕЛЯ |
| Текст примечания |
Библиогр. работ Ш. Эйзенштадта: с. 408-409 |
| 320 ## - ПРИМЕЧАНИЯ О НАЛИЧИИ В ДОКУМЕНТЕ БИБЛИОГРАФИИ / УКАЗАТЕЛЯ |
| Текст примечания |
Указ. имен исследователей: с. 406-407 |
| 454 #0 - ОРИГИНАЛ (ПЕРЕВОДА) |
| Встроенное поле |
2001#$aRevolution and transformation of societies$eA comparative study of civilizations$fS.N. Eisenstadt |
| Заглавие |
Revolution and transformation of societies |
| 606 0# - НАИМЕНОВАНИЕ ТЕМЫ КАК ПРЕДМЕТ |
| Наименование темы |
Революции |
| Системный номер авторитетной/нормативной записи |
1207079 |
| Идентификатор авторитетной/нормативной записи |
RU\NLR\auth\66489557 |
| 606 0# - НАИМЕНОВАНИЕ ТЕМЫ КАК ПРЕДМЕТ |
| Наименование темы |
Цивилизация |
| Тематический подзаголовок |
Социологические исследования |
| Системный номер авторитетной/нормативной записи |
2078953 |
| Идентификатор авторитетной/нормативной записи |
RU\NLR\auth\661254820 |
| 606 0# - НАИМЕНОВАНИЕ ТЕМЫ КАК ПРЕДМЕТ |
| Наименование темы |
Цивилизации |
| Тематический подзаголовок |
Социологические исследования |
| Системный номер авторитетной/нормативной записи |
2081286 |
| Идентификатор авторитетной/нормативной записи |
RU\NLR\auth\661257264 |
| 686 ## - ИНДЕКСЫ ДРУГИХ КЛАССИФИКАЦИЙ |
| Индекс |
Т3(0)0-4 |
| 686 ## - ИНДЕКСЫ ДРУГИХ КЛАССИФИКАЦИЙ |
| Индекс |
С550.2 |
| 700 #1 - ИМЯ ЛИЦА - ПЕРВИЧНАЯ ОТВЕТСТВЕННОСТЬ |
| Начальный элемент ввода |
Эйзенштадт |
| Часть имени, кроме начального элемента ввода |
Ш. Н. |
| Даты |
1923- |
| Расширение инициалов личного имени |
Шмуэль Ноах |
| Код отношения |
Автор |
| 801 #0 - ИСТОЧНИК ЗАПИСИ |
| Страна |
Российская Федерация |
| Организация |
NLR |
| Дата составления |
19990701 |
| Правила каталогизации |
PSBO |
| 801 #1 - ИСТОЧНИК ЗАПИСИ |
| Страна |
Российская Федерация |
| Организация |
NLR |
| Дата составления |
19990701 |
| 852 ## - МЕСТОНАХОЖДЕНИЕ И ШИФР ХРАНЕНИЯ |
| Идентификатор организации |
NLR |
| Шифр хранения (Call Number) |
99-5/1665 |
| 942 ## - ДОПОЛНИТЕЛЬНЫЕ ЭЛЕМЕНТЫ ЗАПИСИ (АБИС) |
| Тип экземпляра АБИС |
Книга |
| 980 ## - КОЛЛЕКЦИЯ |
| Название коллекции |
Национальная библиография |